书目信息 |
| 题名: |
博物馆怀疑论
|
|
| 作者: | 卡里尔 著 ;丁宁 译 | |
| 分册: | ||
| 出版信息: | 南京 江苏美术出版社 2009.02 |
|
| 页数: | 358页 | |
| 开本: | 23cm | |
| 丛书名: | 西方当代视觉文化艺术精品译丛 | |
| 单 册: | ||
| 中图分类: | J11 | |
| 科图分类: | ||
| 主题词: | 美术馆--mei shu guan--研究--世界 | |
| 电子资源: | ||
| ISBN: | 978-7-5344-2485-4 | |
| 000 | 01329nam 2200301 450 | |
| 001 | 012009572984 | |
| 005 | 20090917154340.42 | |
| 010 | @a978-7-5344-2485-4@dCNY40.00 | |
| 100 | @a20090917d2009 em y0chiy0120 ea | |
| 101 | 1 | @achi@ceng |
| 102 | @aCN@b320000 | |
| 105 | @aa a 000yy | |
| 106 | @ar | |
| 200 | 1 | @a博物馆怀疑论@Abo wu guan huai yi lun@e公共美术馆中的艺术展览史@d= Museum skepticism@ea history of the display of art in public galleries@f(美) 大卫·卡里尔著@F(mei)da wei·ka li er zhu@g丁宁译@Gding ning yi@zeng |
| 210 | @a南京@c江苏美术出版社@d2009.02 | |
| 215 | @a358页@c图@d23cm | |
| 225 | 2 | @a西方当代视觉文化艺术精品译丛@Axi fang dang dai shi jue wen hua yi shu jing pin yi cong |
| 320 | @a有书目 (第299-355页) | |
| 330 | @a本书共分十章,主要内容包括了:深入卢浮宫:“美和艺术,历史、荣誉和权力”、艺术与权力:博物馆中的时光之旅等。 | |
| 410 | 0 | @12001 @a西方当代视觉文化艺术精品译丛 |
| 500 | 10 | @aMuseum skepticism: a history of the display of art in public galleries@mChinese |
| 517 | 1 | @a公共美术馆中的艺术展览史@Agong gong mei shu guan zhong de yi shu zhan lan shi |
| 606 | 0 | @a美术馆@Amei shu guan@x研究@y世界 |
| 690 | @aJ11@v4 | |
| 701 | 1 | @a卡里尔@Aka li er@g(Carrier, David)@4著 |
| 702 | 0 | @a丁宁@Ading ning@4译 |
| 801 | 0 | @aCN@bQSSK@c20090917 |
| 905 | @b753274-76@dJ11@eK060@f3 | |
| 博物馆怀疑论:公共美术馆中的艺术展览史= Museum skepticism:a history of the display of art in public galleries/(美) 大卫·卡里尔著/丁宁译.-南京:江苏美术出版社,2009.02 |
| 358页:图;23cm.-(西方当代视觉文化艺术精品译丛) |
| ISBN 978-7-5344-2485-4:CNY40.00 |
| 本书共分十章,主要内容包括了:深入卢浮宫:“美和艺术,历史、荣誉和权力”、艺术与权力:博物馆中的时光之旅等。 |
| ● |
| 相关链接 |
|
|
|
正题名:博物馆怀疑论
索取号:J11/K060
 
预约/预借
| 序号 | 登录号 | 条形码 | 馆藏地/架位号 | 状态 | 备注 |
| 1 | 753274 | 207532749 | 社科库309/309社科库 65排2列1层/ [索取号:J11/K060] | 在馆 | |
| 2 | 753275 | 207532758 | 社科库309/309社科库 65排2列1层/ [索取号:J11/K060] | 在馆 | |
| 3 | 753276 | 207532767 | 社科库309/309社科库 65排2列1层/ [索取号:J11/K060] | 在馆 |